[Event "Titled Tuesday intern op 4th Aug 10am"]
[Site "Chess.com INT"]
[Date "2020.08.04"]
[Round "6"]
[White "Viviani, Alessio"]
[Black "Gurevich, Daniel"]
[Result "0-1"]
[WhiteElo "2268"]
[BlackElo "2399"]
[PlyCount "112"]
[EventDate "2020.08.04"]
[EventType "swiss (blitz)"]
[EventRounds "10"]
[EventCountry "USA"]
[SourceTitle "CBM 197 Extra"]
[Source "ChessBase"]
[SourceDate "2020.09.30"]
[SourceVersion "1"]
[SourceVersionDate "2020.09.30"]
[SourceQuality "1"]

1. d4 Nf6 2. Bd2 c5 3. dxc5 e6 4. Nf3 Bxc5 5. e3 d5 6. Bd3 0-0 7. b4 Bb6 8. 0-0 Nc6 9. Qe2 e5 10. b5 e4 11. bxc6 exd3 12. cxd3 bxc6 13. Rc1 Qd6 14. Nc3 Re8 15. Na4 Ba6 16. Nxb6 axb6 17. Rab1 c5 18. h3 d4 19. Rd1 Ne4 20. Be1 Nf6 21. Qd2 dxe3 22. fxe3 Nd5 23. e4 Nf4 24. Bg3 Ne2+ 25. Qxe2 Qxg3 26. Rxb6 Bc8 27. Kf1 Be6 28. Rd2 Ra5 29. Qf2 Qf4 30. Rc2 c4 31. dxc4 Qxe4 32. c5 Bf5 33. Rd2 Qc4+ 34. Kg1 Qxc5 35. Qxc5 Rxc5 36. a4 g6 37. Rb5 Rc4 38. a5 Ra4 39. Rd4 Ra2 40. Nh4 Be4 41. Rc5 g5 42. Rxg5+ Kf8 43. Rg3 f5 44. Nf3 Rxa5 45. Ng5 Ra7 46. Nxe4 fxe4 47. Re3 Rae7 48. g4 Kf7 49. Kg2 Kf6 50. Kg3 h5 51. h4 hxg4 52. Kxg4 Re5 53. Kf4 Rf5+ 54. Kg4 Rg8+ 55. Kh3 Rf1 56. Rexe4 Rh1# 0-1

[Event "Titled Tuesday intern op 4th Aug 10am"]
[Site "Chess.com INT"]
[Date "2020.08.04"]
[Round "7"]
[White "Viviani, Alessio"]
[Black "Maiti, Milind"]
[Result "1-0"]
[WhiteElo "2268"]
[BlackElo "2068"]
[PlyCount "61"]
[EventDate "2020.08.04"]
[EventType "swiss (blitz)"]
[EventRounds "10"]
[EventCountry "USA"]
[SourceTitle "CBM 197 Extra"]
[Source "ChessBase"]
[SourceDate "2020.09.30"]
[SourceVersion "1"]
[SourceVersionDate "2020.09.30"]
[SourceQuality "1"]

1. d4 d5 2. c4 e6 3. Nf3 Nf6 4. Nc3 Be7 5. e3 0-0 6. b3 b6 7. Bb2 Bb7 8. Bd3 c5 9. 0-0 Nc6 10. cxd5 exd5 11. dxc5 bxc5 12. Qe2 Rc8 13. Rfd1 Qb6 14. Rac1 Nb4 15. Bb1 Rfd8 16. Na4 Qa6 17. Qxa6 Nxa6 18. Bf5 Rc7 19. Bc3 g6 20. Bh3 Rc6 21. Ne5 Rcd6 22. Nd3 c4 23. Nf4 Ne4 24. Be5 Rc6 25. Nxd5 Rxd5 26. Rxd5 cxb3 27. Rxc6 bxa2 28. Rxa6 Bxd5 29. Rxa7 Bf6 30. Bxf6 Nxf6 31. Nc3 1-0

[Event "Titled Tuesday intern op 4th Aug 10am"]
[Site "Chess.com INT"]
[Date "2020.08.04"]
[Round "9"]
[White "Viviani, Alessio"]
[Black "Tronenkovs, Valdis"]
[Result "1-0"]
[WhiteElo "2268"]
[BlackElo "2265"]
[PlyCount "109"]
[EventDate "2020.08.04"]
[EventType "swiss (blitz)"]
[EventRounds "10"]
[EventCountry "USA"]
[SourceTitle "CBM 197 Extra"]
[Source "ChessBase"]
[SourceDate "2020.09.30"]
[SourceVersion "1"]
[SourceVersionDate "2020.09.30"]
[SourceQuality "1"]

1. Nf3 Nf6 2. c4 e6 3. g3 d5 4. Bg2 Be7 5. 0-0 0-0 6. b3 d4 7. Bb2 c5 8. e3 Nc6 9. exd4 cxd4 10. d3 e5 11. Re1 Nd7 12. Na3 f6 13. Nc2 a5 14. a3 Re8 15. Nh4 g6 16. Bd5+ Kg7 17. Qf3 Qb6 18. Rab1 Qxb3 19. Nxd4 exd4 20. Bxd4 Qa4 21. Rxe7+ Rxe7 22. Bxc6 Qxc6 23. Qf4 b6 24. f3 Bb7 25. Rb5 Rae8 26. Ng2 Nc5 27. Ne3 Re6 28. Nd5 Re1+ 29. Kg2 R8e2+ 30. Kh3 Bc8+ 31. g4 Qe6 32. Rxb6 Rxh2+ 33. Qxh2 Qe2 34. Qxe2 Rxe2 35. Bxc5 h5 36. Kg3 hxg4 37. fxg4 Rd2 38. Rb3 a4 39. Rc3 Bb7 40. Bd4 Bxd5 41. cxd5 Kf7 42. Rc7+ Ke8 43. Bxf6 Rxd3+ 44. Kf4 Rxd5 45. g5 Ra5 46. Re7+ Kf8 47. Re5 Ra6 48. Rb5 Kf7 49. Ke5 Ra7 50. Rb6 Ra5+ 51. Kd6 Ra7 52. Kc6 Ke6 53. Rb7 Ra6+ 54. Rb6 Ra8 55. Kb7+ 1-0

[Event "Titled Tuesday intern op1 3rd March  "]
[Site "Chess.com INT"]
[Date "2020.03.03"]
[Round "9"]
[White "Seul, Georg"]
[Black "Viviani, Alessio"]
[Result "0-1"]
[WhiteElo "2372"]
[BlackElo "2268"]
[PlyCount "38"]
[EventDate "2020.03.03"]
[EventType "swiss (blitz)"]
[EventRounds "10"]
[EventCountry "USA"]
[SourceTitle "EXT 2021"]
[Source "ChessBase"]
[SourceDate "2020.10.23"]
[SourceVersion "1"]
[SourceVersionDate "2020.10.23"]
[SourceQuality "1"]

1. e4 d6 2. d4 Nf6 3. Nc3 c6 4. Nge2 Qa5 5. f3 e5 6. Be3 Nbd7 7. Qd2 b5 8. a4 b4 9. Nd1 d5 10. Nf2 Be7 11. c3 0-0 12. Ng3 bxc3 13. bxc3 Rd8 14. Nf5 Bf8 15. Bd3 exd4 16. Bxd4 dxe4 17. fxe4 Ne5 18. 0-0 Bxf5 19. exf5 Rxd4 0-1

[Event "Titled Tuesday intern op 3rd Jan"]
[Site "Chess.com INT"]
[Date "2019.12.03"]
[Round "3"]
[White "Burke, Paul"]
[Black "Viviani, Alessio"]
[Result "0-1"]
[WhiteElo "1708"]
[BlackElo "2268"]
[PlyCount "62"]
[EventDate "2019.12.03"]
[EventType "swiss (blitz)"]
[EventRounds "10"]
[EventCountry "USA"]
[SourceTitle "EXT 2021"]
[Source "ChessBase"]
[SourceDate "2020.10.23"]
[SourceVersion "1"]
[SourceVersionDate "2020.10.23"]
[SourceQuality "1"]

1. e4 e5 2. Nf3 Nc6 3. Bc4 Nf6 4. Ng5 d5 5. exd5 Na5 6. d3 Nxc4 7. dxc4 Bc5 8. Nc3 Bg4 9. f3 Bd7 10. Qe2 0-0 11. Nge4 Nxe4 12. Nxe4 Be7 13. Bd2 f5 14. Nc3 Bf6 15. 0-0-0 c6 16. g4 e4 17. fxe4 fxg4 18. e5 Re8 19. e6 cxd5 20. cxd5 Qb6 21. Qxg4 Bb5 22. Rhg1 Rac8 23. h4 Bc4 24. b3 Bxb3 25. axb3 Qa5 26. Nb1 Qa2 27. Bc3 Rxc3 28. Nxc3 Bxc3 29. Qxg7+ Bxg7 30. Rxg7+ Kxg7 31. Rg1+ Kf8 0-1

[Event "Titled Tuesday intern op 5th Nov"]
[Site "Chess.com INT"]
[Date "2019.11.05"]
[Round "4"]
[White "Dobrowolski, Piotr"]
[Black "Viviani, Alessio"]
[Result "1-0"]
[WhiteElo "2413"]
[BlackElo "2268"]
[PlyCount "67"]
[EventDate "2019.11.05"]
[EventType "swiss (blitz)"]
[EventRounds "10"]
[EventCountry "USA"]
[SourceTitle "EXT 2021"]
[Source "ChessBase"]
[SourceDate "2020.10.23"]
[SourceVersion "1"]
[SourceVersionDate "2020.10.23"]
[SourceQuality "1"]

1. e4 e6 2. d4 d5 3. Nd2 Nf6 4. e5 Nfd7 5. Bd3 c5 6. c3 Nc6 7. Ngf3 Qb6 8. 0-0 cxd4 9. cxd4 Nxd4 10. Nxd4 Qxd4 11. Nf3 Qg4 12. h3 Qh5 13. Re1 Be7 14. Kh2 g5 15. g4 Qh6 16. Bd2 Nc5 17. Bb5+ Kf8 18. Rc1 Ne4 19. Kg2 f5 20. exf6 Bxf6 21. Bb4+ Kg8 22. Rc7 Bd8 23. Qc2 Bxc7 24. Qxc7 Qf6 25. Rxe4 dxe4 26. Ne5 h5 27. Be7 Qf4 28. Bxg5 Qf8 29. Ng6 Qf3+ 30. Kg1 Qd1+ 31. Kh2 Rh7 32. Ne7+ Kg7 33. Qe5+ Kf7 34. Qf6# 1-0

[Event "Titled Tuesday intern op 5th Nov"]
[Site "Chess.com INT"]
[Date "2019.11.05"]
[Round "8"]
[White "Perez, Maximiliano"]
[Black "Viviani, Alessio"]
[Result "1-0"]
[WhiteElo "2418"]
[BlackElo "2268"]
[PlyCount "83"]
[EventDate "2019.11.05"]
[EventType "swiss (blitz)"]
[EventRounds "10"]
[EventCountry "USA"]
[SourceTitle "EXT 2021"]
[Source "ChessBase"]
[SourceDate "2020.10.23"]
[SourceVersion "1"]
[SourceVersionDate "2020.10.23"]
[SourceQuality "1"]

1. e4 d6 2. d4 g6 3. Nc3 Bg7 4. Be3 c6 5. Qd2 b5 6. h4 h5 7. Nh3 Nd7 8. Ng5 Nb6 9. b3 Nf6 10. f3 a6 11. a4 Bb7 12. Bd3 Nfd7 13. 0-0 Qc7 14. f4 c5 15. dxc5 Nxc5 16. a5 Nbd7 17. Be2 b4 18. Nd5 Bxd5 19. Qxd5 0-0 20. f5 Nf6 21. Qc4 Kh8 22. e5 Nfd7 23. f6 exf6 24. Nxf7+ Kh7 25. exd6 Qa7 26. Bd3 Rae8 27. Bf2 Re6 28. Qxe6 Nxe6 29. Bxa7 Rxf7 30. Bc4 Ne5 31. Bxe6 Rxa7 32. Rad1 Ra8 33. d7 Rd8 34. Rd6 Bf8 35. Rxa6 Bc5+ 36. Kh1 f5 37. Re1 Ng4 38. Rc6 Bf2 39. Re2 Bxh4 40. Rc8 Kg7 41. Rxd8 Bxd8 42. a6 1-0

[Event "Titled Tuesday intern op 5th Nov"]
[Site "Chess.com INT"]
[Date "2019.11.05"]
[Round "2"]
[White "Viviani, Alessio"]
[Black "Arman, Deniz"]
[Result "0-1"]
[WhiteElo "2268"]
[BlackElo "2367"]
[PlyCount "80"]
[EventDate "2019.11.05"]
[EventType "swiss (blitz)"]
[EventRounds "10"]
[EventCountry "USA"]
[SourceTitle "EXT 2021"]
[Source "ChessBase"]
[SourceDate "2020.10.23"]
[SourceVersion "1"]
[SourceVersionDate "2020.10.23"]
[SourceQuality "1"]

1. d4 Nf6 2. c4 g6 3. Nc3 d5 4. cxd5 Nxd5 5. e4 Nxc3 6. bxc3 Bg7 7. Nf3 c5 8. Be3 0-0 9. Rc1 Qa5 10. Nd2 Qxa2 11. Bc4 Qa5 12. Nb3 Qa4 13. Qe2 cxd4 14. cxd4 Qb4+ 15. Bd2 Qd6 16. 0-0 Nc6 17. e5 Qd8 18. Bc3 e6 19. Rfd1 Ne7 20. Bb4 Re8 21. Bd6 Bd7 22. Nc5 Bc6 23. Bb5 Nd5 24. Bxc6 bxc6 25. Qd2 Qh4 26. g3 Qh3 27. Ne4 Qf5 28. Qd3 h5 29. Rxc6 Rec8 30. Rdc1 Rxc6 31. Rxc6 a5 32. Kg2 a4 33. f3 Bf8 34. Bxf8 Kxf8 35. Qa3+ Kg7 36. Rc2 h4 37. Rb2 h3+ 38. Kf2 g5 39. Rb7 g4 40. Qd3 a3 0-1

[Event "Titled Tuesday intern op 5th Nov"]
[Site "Chess.com INT"]
[Date "2019.11.05"]
[Round "6"]
[White "Viviani, Alessio"]
[Black "Diaz, Fernando"]
[Result "1-0"]
[WhiteElo "2268"]
[BlackElo "2121"]
[PlyCount "81"]
[EventDate "2019.11.05"]
[EventType "swiss (blitz)"]
[EventRounds "10"]
[EventCountry "USA"]
[SourceTitle "EXT 2021"]
[Source "ChessBase"]
[SourceDate "2020.10.23"]
[SourceVersion "1"]
[SourceVersionDate "2020.10.23"]
[SourceQuality "1"]

1. Nf3 Nf6 2. c4 e6 3. g3 b6 4. Bg2 Bb7 5. 0-0 Be7 6. b3 0-0 7. Bb2 c5 8. d3 d6 9. Nbd2 Nbd7 10. a3 Qc7 11. e4 Rac8 12. Re1 Ne5 13. Qc2 Rfd8 14. h3 Bf8 15. Nh2 Nc6 16. f4 Nd4 17. Bxd4 cxd4 18. Ndf3 e5 19. f5 Nh5 20. Qf2 f6 21. Bf1 g6 22. Be2 Bh6 23. Ng4 Bf8 24. fxg6 hxg6 25. Nh4 Qg7 26. Rf1 Be7 27. Nh2 Qh6 28. Kh1 Kh7 29. Ng4 Qg5 30. Nf3 Nxg3+ 31. Qxg3 Qh5 32. Nfxe5 Qxe5 33. Nxe5 dxe5 34. Bg4 Rc7 35. Be6 Rh8 36. Rg1 g5 37. Kg2 Bc6 38. h4 Kg7 39. hxg5 fxg5 40. Qxe5+ Bf6 41. Qxc7+ 1-0

[Event "Titled Tuesday intern op 1st Oct"]
[Site "Chess.com INT"]
[Date "2019.10.01"]
[Round "4"]
[White "Maksimovic, Bojan"]
[Black "Viviani, Alessio"]
[Result "1-0"]
[WhiteElo "2364"]
[BlackElo "2268"]
[PlyCount "65"]
[EventDate "2019.10.01"]
[EventType "swiss (blitz)"]
[EventRounds "10"]
[EventCountry "USA"]
[SourceTitle "EXT 2021"]
[Source "ChessBase"]
[SourceDate "2020.10.23"]
[SourceVersion "1"]
[SourceVersionDate "2020.10.23"]
[SourceQuality "1"]

1. e4 e6 2. d4 d5 3. Nc3 Bb4 4. e5 c5 5. Bd2 Ne7 6. a3 Bxc3 7. Bxc3 b6 8. Bb5+ Bd7 9. Bd3 Nbc6 10. f4 cxd4 11. Bd2 g5 12. Nf3 gxf4 13. Bxf4 Ng6 14. Bg5 Qc7 15. Bf6 Rg8 16. 0-0 Rc8 17. g3 h5 18. Kh1 Ngxe5 19. Nxe5 Nxe5 20. Qxh5 Nxd3 21. cxd3 Bb5 22. Qh7 Rg6 23. Bg7 Qe7 24. Rac1 Rxc1 25. Rxc1 Bxd3 26. Qg8+ Kd7 27. Qc8+ Kd6 28. Qb8+ Kd7 29. Rc7+ Kd6 30. Rxa7+ Kc6 31. Rxe7 Rxg7 32. a4 Rg6 33. Qc7# 1-0

[Event "Titled Tuesday intern op 6th Aug"]
[Site "Chess.com INT"]
[Date "2019.08.06"]
[Round "4"]
[White "Khumalo, Keith"]
[Black "Viviani, Alessio"]
[Result "0-1"]
[WhiteElo "2091"]
[BlackElo "2268"]
[PlyCount "76"]
[EventDate "2019.08.06"]
[EventType "swiss (blitz)"]
[EventRounds "10"]
[EventCountry "USA"]
[SourceTitle "EXT 2021"]
[Source "ChessBase"]
[SourceDate "2020.10.23"]
[SourceVersion "1"]
[SourceVersionDate "2020.10.23"]
[SourceQuality "1"]

1. d4 Nf6 2. c4 g6 3. Nc3 d5 4. Bg5 Bg7 5. Bxf6 Bxf6 6. cxd5 c6 7. Rc1 0-0 8. dxc6 Qxd4 9. Qxd4 Bxd4 10. cxb7 Bxb7 11. e3 Bg7 12. Nf3 Nd7 13. Be2 Rab8 14. 0-0 Bxf3 15. Bxf3 Rxb2 16. Rfd1 Ne5 17. Bd5 Ng4 18. Ne4 Bh6 19. h3 Nxf2 20. Nxf2 Bxe3 21. Rf1 Rd8 22. Rcd1 e6 23. Bb3 Rxd1 24. Bxd1 Rxa2 25. g3 a5 26. Kg2 Kg7 27. Kf3 Rxf2+ 28. Rxf2 Bxf2 29. Kxf2 Kf6 30. Kf3 Ke5 31. Ba4 Kd4 32. Kf4 e5+ 33. Kg5 e4 34. Kf4 g5+ 35. Kxg5 e3 36. Bb5 a4 37. Bxa4 e2 38. Bb3 e1Q 0-1

[Event "Titled Tuesday intern op 6th Aug"]
[Site "Chess.com INT"]
[Date "2019.08.06"]
[Round "9"]
[White "Nebolsina, Vera"]
[Black "Viviani, Alessio"]
[Result "1-0"]
[WhiteElo "2269"]
[BlackElo "2268"]
[PlyCount "135"]
[EventDate "2019.08.06"]
[EventType "swiss (blitz)"]
[EventRounds "10"]
[EventCountry "USA"]
[SourceTitle "EXT 2021"]
[Source "ChessBase"]
[SourceDate "2020.10.23"]
[SourceVersion "1"]
[SourceVersionDate "2020.10.23"]
[SourceQuality "1"]

1. e4 d6 2. d4 Nf6 3. Nc3 c6 4. Nf3 Bg4 5. Be2 e6 6. Be3 Be7 7. Nd2 Bxe2 8. Qxe2 d5 9. e5 Nfd7 10. Qg4 g6 11. Bh6 c5 12. dxc5 Nxe5 13. Qe2 Nbc6 14. Bg7 Bf6 15. Bxh8 Bxh8 16. 0-0 Nd4 17. Qd1 Qh4 18. h3 Qf4 19. Ne2 Qxd2 20. Nxd4 Qf4 21. c3 0-0-0 22. Qa4 Nc6 23. g3 Qc7 24. Nb5 Qb8 25. Nd6+ Rxd6 26. cxd6 Qxd6 27. b4 Kb8 28. b5 Ne5 29. b6 axb6 30. Qe8+ Ka7 31. Qxh8 d4 32. f4 Nc6 33. cxd4 Nxd4 34. Qe5 Qa3 35. f5 Qb2 36. Rae1 gxf5 37. Rf2 Qc3 38. Re3 Qc1+ 39. Kh2 Nc6 40. Qc3 Qb1 41. Qa3+ Kb8 42. Qf8+ Ka7 43. Ra3+ Na5 44. Qxf7 Qb4 45. Raf3 Nc6 46. Qxh7 Nd4 47. Re3 Qc5 48. Qh6 e5 49. Qg5 e4 50. Qf4 Ne6 51. Qxf5 Qxe3 52. Rg2 Nd4 53. Qf1 Nf3+ 54. Kh1 Qh6 55. h4 Qe6 56. Re2 Qg4 57. Qg2 Qf5 58. Re3 Qd5 59. Qf1 Qd2 60. Qe2 Qc1+ 61. Kg2 Qg1+ 62. Kh3 Qh1+ 63. Kg4 Nd4 64. Qe1 Qg2 65. Rxe4 Nc6 66. Rf4 Qd5 67. Kh3 Ne5 68. Rf5 1-0

[Event "Titled Tuesday intern op 6th Aug"]
[Site "Chess.com INT"]
[Date "2019.08.06"]
[Round "8"]
[White "Rosen, Eric S"]
[Black "Viviani, Alessio"]
[Result "0-1"]
[WhiteElo "2345"]
[BlackElo "2268"]
[PlyCount "54"]
[EventDate "2019.08.06"]
[EventType "swiss (blitz)"]
[EventRounds "10"]
[EventCountry "USA"]
[SourceTitle "EXT 2021"]
[Source "ChessBase"]
[SourceDate "2020.10.23"]
[SourceVersion "1"]
[SourceVersionDate "2020.10.23"]
[SourceQuality "1"]

1. d4 Nf6 2. Bf4 g6 3. Nc3 d5 4. e3 Bg7 5. h4 0-0 6. h5 c5 7. hxg6 hxg6 8. dxc5 Qa5 9. Be5 Nc6 10. Bd4 e5 11. a3 exd4 12. b4 Qc7 13. exd4 Re8+ 14. Be2 Bg4 15. Kf1 Qf4 16. g3 Bxe2+ 17. Ncxe2 Qe4 18. Rh4 Qe6 19. Nf4 Qf5 20. Qd3 Ne4 21. c3 g5 22. Rh5 Qg4 23. f3 Nxg3+ 24. Kf2 Qxf4 25. Nh3 Ne4+ 26. Kf1 Qh2 27. Rd1 Ng3# 0-1

[Event "Titled Tuesday intern op 6th Aug"]
[Site "Chess.com INT"]
[Date "2019.08.06"]
[Round "6"]
[White "Viviani, Alessio"]
[Black "Alinasab, Mobina"]
[Result "0-1"]
[WhiteElo "2268"]
[BlackElo "2280"]
[PlyCount "106"]
[EventDate "2019.08.06"]
[EventType "swiss (blitz)"]
[EventRounds "10"]
[EventCountry "USA"]
[SourceTitle "EXT 2021"]
[Source "ChessBase"]
[SourceDate "2020.10.23"]
[SourceVersion "1"]
[SourceVersionDate "2020.10.23"]
[SourceQuality "1"]

1. d4 Nf6 2. c4 e6 3. Nc3 d5 4. Nf3 c5 5. e3 a6 6. a3 Nc6 7. Bd3 dxc4 8. Bxc4 b5 9. Ba2 Bb7 10. 0-0 Be7 11. Qe2 cxd4 12. Rd1 0-0 13. exd4 Nd5 14. Nxd5 exd5 15. Bf4 Bf6 16. Rac1 Re8 17. Ne5 Rc8 18. Rc3 g6 19. Re3 Ne7 20. Ng4 Bg7 21. Re1 Kf8 22. Bg5 Rc7 23. Nf6 Bxf6 24. Bxf6 Qd7 25. Re5 Bc6 26. Qe3 Nf5 27. Qh3 Rxe5 28. Bxe5 h5 29. Bxc7 Qxc7 30. Qc3 Qb6 31. Qc5+ Qxc5 32. dxc5 d4 33. Rd1 Ke7 34. b4 Kf6 35. Bb1 Ke5 36. g3 Bf3 37. Re1+ Kd5 38. Ba2+ Kc6 39. Bxf7 d3 40. Bb3 Nd4 41. Bd1 d2 42. Rf1 Ne2+ 43. Bxe2 Bxe2 44. Ra1 d1Q+ 45. Rxd1 Bxd1 46. f4 Kd5 47. Kf2 Bg4 48. Ke3 Bf5 49. Kd2 Kc4 50. c6 Kb3 51. c7 Kxa3 52. Kc3 Ka4 53. g4 hxg4 0-1

[Event "Titled Tuesday intern op 6th Aug"]
[Site "Chess.com INT"]
[Date "2019.08.06"]
[Round "3"]
[White "Viviani, Alessio"]
[Black "Nilsson, Joakim"]
[Result "1-0"]
[WhiteElo "2268"]
[BlackElo "2319"]
[PlyCount "31"]
[EventDate "2019.08.06"]
[EventType "swiss (blitz)"]
[EventRounds "10"]
[EventCountry "USA"]
[SourceTitle "EXT 2021"]
[Source "ChessBase"]
[SourceDate "2020.10.23"]
[SourceVersion "1"]
[SourceVersionDate "2020.10.23"]
[SourceQuality "1"]

1. d4 d5 2. c4 e6 3. Nf3 Nf6 4. Nc3 Be7 5. Bf4 0-0 6. e3 c5 7. dxc5 Bxc5 8. Qc2 Nc6 9. a3 Qa5 10. Nd2 e5 11. Nb3 Qb6 12. Bg5 Ne4 13. Nxd5 Qa6 14. Qxe4 f5 15. Qc2 Bd6 16. c5 1-0

[Event "Titled Tuesday intern op 2nd July"]
[Site "Chess.com INT"]
[Date "2019.07.02"]
[Round "3"]
[White "De Abreu, Roberto N"]
[Black "Viviani, Alessio"]
[Result "0-1"]
[WhiteElo "2127"]
[BlackElo "2268"]
[PlyCount "108"]
[EventDate "2019.07.02"]
[EventType "swiss (blitz)"]
[EventRounds "10"]
[EventCountry "USA"]
[SourceTitle "EXT 2021"]
[Source "ChessBase"]
[SourceDate "2020.10.23"]
[SourceVersion "1"]
[SourceVersionDate "2020.10.23"]
[SourceQuality "1"]

1. d4 Nf6 2. c4 e6 3. g3 a6 4. Bg2 d5 5. Nf3 Be7 6. 0-0 0-0 7. Nbd2 Nc6 8. Qc2 Rb8 9. a3 dxc4 10. Qxc4 Na5 11. Qc2 b5 12. b4 Nb7 13. Ne5 Bd7 14. Bb2 Nd6 15. Rfc1 Rc8 16. Nc6 Bxc6 17. Bxc6 Nd7 18. e4 Nb6 19. e5 Ndc4 20. Nb3 f6 21. Bb7 Rb8 22. Bxa6 c6 23. Nc5 Bxc5 24. dxc5 Na4 25. Rab1 fxe5 26. Ba1 Qe7 27. Qa2 Nxa3 28. Qxa3 Ra8 29. Bxb5 cxb5 30. Qe3 Rf5 31. Bxe5 Raf8 32. Bd4 e5 33. Ba1 Rf3 34. Qxe5 Qf7 35. Rf1 Rxf2 36. Qe1 Rxf1+ 37. Qxf1 Qe6 38. Qd3 Qa2 39. Re1 Qf2+ 40. Kh1 Qxe1+ 41. Kg2 Qxa1 42. Kh3 Qf6 43. Qd5+ Kh8 44. c6 Nc3 45. Qc5 Ne4 46. Qxb5 Ng5+ 47. Kg4 Ne6 48. Qd5 Qg6+ 49. Kh3 Ng5+ 50. Kh4 Nf3+ 51. Kh3 Qh6+ 52. Kg2 Qxh2+ 53. Kf1 Nd4+ 54. Ke1 Qe2# 0-1

[Event "Titled Tuesday intern op 2nd July"]
[Site "Chess.com INT"]
[Date "2019.07.02"]
[Round "1"]
[White "Gubajdullin, Alexey"]
[Black "Viviani, Alessio"]
[Result "1-0"]
[WhiteElo "2331"]
[BlackElo "2268"]
[PlyCount "57"]
[EventDate "2019.07.02"]
[EventType "swiss (blitz)"]
[EventRounds "10"]
[EventCountry "USA"]
[SourceTitle "EXT 2021"]
[Source "ChessBase"]
[SourceDate "2020.10.23"]
[SourceVersion "1"]
[SourceVersionDate "2020.10.23"]
[SourceQuality "1"]

1. d4 Nf6 2. Bf4 g6 3. e3 Bg7 4. Nf3 0-0 5. Be2 d6 6. 0-0 Nc6 7. h3 Nd7 8. c4 e5 9. Bh2 f5 10. Nc3 e4 11. Nd2 g5 12. b4 Kh8 13. c5 dxc5 14. bxc5 Nxc5 15. Nb5 Ne6 16. d5 Qxd5 17. Bc4 Qc5 18. Bxe6 Bxe6 19. Nxc7 Bf7 20. Nxa8 Rxa8 21. Nb3 Qa3 22. Qc1 Qa4 23. Nc5 Qb5 24. Rb1 Qa5 25. Nxb7 Qa6 26. Nd6 Bxa2 27. Ra1 Bxa1 28. Qxa1+ Kg8 29. Nxf5 1-0

[Event "Titled Tuesday intern op 4th June"]
[Site "Chess.com INT"]
[Date "2019.06.04"]
[Round "4"]
[White "Viviani, Alessio"]
[Black "Isanzhulov, Arystan"]
[Result "0-1"]
[WhiteElo "2268"]
[BlackElo "2278"]
[PlyCount "126"]
[EventDate "2019.06.04"]
[EventType "swiss (blitz)"]
[EventRounds "10"]
[EventCountry "USA"]
[SourceTitle "EXT 2021"]
[Source "ChessBase"]
[SourceDate "2020.10.23"]
[SourceVersion "1"]
[SourceVersionDate "2020.10.23"]
[SourceQuality "1"]

1. d4 Nf6 2. c4 d6 3. Nc3 Bf5 4. f3 e5 5. d5 a5 6. e4 Bd7 7. Be3 g6 8. Qd2 Na6 9. b3 Bg7 10. Nge2 0-0 11. g4 a4 12. Rb1 axb3 13. axb3 Nb4 14. Ng3 c5 15. dxc6 Nxc6 16. Be2 Nd4 17. Bd1 Be6 18. 0-0 Nd7 19. Kh1 Nc5 20. Rg1 b5 21. b4 Na4 22. Nxa4 bxa4 23. Rc1 a3 24. Nf5 Bxf5 25. gxf5 a2 26. Ra1 Qc8 27. Bxd4 exd4 28. Qd3 Qb7 29. b5 Ra7 30. Bb3 Rfa8 31. fxg6 hxg6 32. Rg2 Ra3 33. Rgxa2 Rxa2 34. Rxa2 Rxa2 35. Bxa2 Qa7 36. Qb3 d3 37. b6 Qb7 38. Qb5 d2 39. Bb3 Bd4 40. Kg2 Bxb6 41. c5 dxc5 42. Qd3 Ba5 43. e5 Qe7 44. Qxg6+ Kf8 45. Qh6+ Ke8 46. Qc6+ Kf8 47. Qa8+ Bd8 48. Qd5 Bc7 49. f4 Qe6 50. Qxc5+ Qe7 51. Qd5 Qe8 52. Qxd2 Qc6+ 53. Bd5 Qa4 54. Kf3 Ba5 55. Qd3 Qa1 56. Qe4 Bb6 57. Kg4 Qg1+ 58. Kh3 Qf1+ 59. Kg4 Bd8 60. Qf5 Qg1+ 61. Kf3 Qh1+ 62. Kg4 Qxd5 63. Qh5 Qd1+ 0-1

[Event "Titled Tuesday intern op 7th May"]
[Site "Chess.com INT"]
[Date "2019.05.07"]
[Round "8"]
[White "Hollan, Petr"]
[Black "Viviani, Alessio"]
[Result "0-1"]
[WhiteElo "2261"]
[BlackElo "2268"]
[PlyCount "82"]
[EventDate "2019.05.07"]
[EventType "swiss (blitz)"]
[EventRounds "10"]
[EventCountry "USA"]
[SourceTitle "EXT 2021"]
[Source "ChessBase"]
[SourceDate "2020.10.23"]
[SourceVersion "1"]
[SourceVersionDate "2020.10.23"]
[SourceQuality "1"]

1. e4 d6 2. d4 g6 3. Nc3 Bg7 4. Be3 c6 5. f3 b5 6. Qd2 Nd7 7. Nge2 Nb6 8. b3 a6 9. a4 b4 10. Nd1 a5 11. Nf2 Qc7 12. g4 Nf6 13. h4 h5 14. g5 Nfd7 15. f4 c5 16. Rd1 Bb7 17. Bg2 c4 18. 0-0 c3 19. Qc1 e5 20. f5 gxf5 21. exf5 Bxg2 22. Kxg2 Qc6+ 23. Kg1 Qf3 24. Rde1 Nd5 25. Nd1 Qg4+ 26. Kf2 Qxh4+ 27. Ng3 Qh2+ 28. Kf3 h4 29. Ne2 Qh3+ 30. Ke4 Qg2+ 31. Kd3 e4+ 32. Kc4 N7b6+ 33. Kb5 Qg4 34. Rf2 h3 35. Rg1 Qh5 36. Nf4 Qh7 37. g6 Qg8 38. Nxd5 Nxd5 39. Bg5 h2 40. Rh1 fxg6 41. fxg6 Qe6 0-1

[Event "Titled Tuesday intern op 7th May"]
[Site "Chess.com INT"]
[Date "2019.05.07"]
[Round "1"]
[White "Viviani, Alessio"]
[Black "Horvath, Dominik"]
[Result "0-1"]
[WhiteElo "2268"]
[BlackElo "2406"]
[PlyCount "64"]
[EventDate "2019.05.07"]
[EventType "swiss (blitz)"]
[EventRounds "10"]
[EventCountry "USA"]
[SourceTitle "EXT 2021"]
[Source "ChessBase"]
[SourceDate "2020.10.23"]
[SourceVersion "1"]
[SourceVersionDate "2020.10.23"]
[SourceQuality "1"]

1. d4 Nf6 2. c4 e6 3. Nc3 Bb4 4. f3 c5 5. a3 Bxc3+ 6. bxc3 d5 7. cxd5 exd5 8. e3 0-0 9. Bd3 Re8 10. Ne2 Nc6 11. 0-0 Bd7 12. Ra2 Qc8 13. Nf4 c4 14. Bb1 Bf5 15. Bd2 b5 16. Nxd5 Nxd5 17. e4 Bg6 18. exd5 Ne7 19. Bxg6 hxg6 20. d6 Nd5 21. a4 a6 22. Qb1 Qd7 23. Qa1 b4 24. cxb4 Qxd6 25. Bc3 Re3 26. Bd2 Re2 27. Qd1 Rae8 28. Rc2 c3 29. Bc1 Rxc2 30. Qxc2 Qxb4 31. Rd1 Qc4 32. Qd3 Qxd3 0-1